Konkurencieschopnosť krajín Vyšehradskej skupiny meraná indexom globálnej konkurencieschopnosti
Vymedzenie pojmu konkurencieschopnosť. Hodnotenie konkurencieschopnosti krajín prostredníctvom zloženého Indexu globálnej konkurencieschopnosti (Global Competitiveness Index, GCI). Komparácia konkurencieschopnosti krajín Vyšehradskej štvorky (Slovensko, Česká republika, Maďarsko a Poľsko) v období 2...
Salvato in:
| Autore principale: | |
|---|---|
| Altri autori: | |
| Natura: | Capitolo di libro |
| Lingua: | slovacco |
| Soggetti: | |
| Tags: |
Nessun Tag, puoi essere il primo ad aggiungerne!!
|
MARC
| LEADER | 00000naa$a2200000$$$4500 | ||
|---|---|---|---|
| 001 | 0249957 | ||
| 005 | 20240502083712.9 | ||
| 041 | 0 | |a slo | |
| 044 | |a CZ | ||
| 245 | 1 | 0 | |a Konkurencieschopnosť krajín Vyšehradskej skupiny meraná indexom globálnej konkurencieschopnosti |c Lenka Kalusová, Pavel Škriniar |
| 520 | |a Vymedzenie pojmu konkurencieschopnosť. Hodnotenie konkurencieschopnosti krajín prostredníctvom zloženého Indexu globálnej konkurencieschopnosti (Global Competitiveness Index, GCI). Komparácia konkurencieschopnosti krajín Vyšehradskej štvorky (Slovensko, Česká republika, Maďarsko a Poľsko) v období 2009-2017. Faktory najviac komplikujúce podnikanie v krajinách V4. | ||
| 610 | 2 | 0 | |a rozvoj hospodársky |
| 610 | 2 | 0 | |a konkurencieschopnosť |
| 610 | 2 | 0 | |a index globálnej konkurencieschopnosti |
| 610 | 2 | 0 | |a ukazovatele |
| 610 | 2 | 0 | |a prostredie podnikateľské |
| 610 | 2 | 0 | |a podnikanie |
| 610 | 2 | 0 | |a bariéry podnikania |
| 610 | 2 | 0 | |a Vyšehradská štvorka |
| 610 | 2 | 0 | |a porovnanie medzinárodné |
| 610 | 2 | 0 | |a Slovensko |
| 610 | 2 | 0 | |a Česko |
| 610 | 2 | 0 | |a Maďarsko |
| 610 | 2 | 0 | |a Poľsko |
| 100 | 1 | |a Kalusová, Lenka, 1987- | |
| 700 | 1 | |a Škriniar, Pavel, 1979- | |